000 00933cab a2200289 4500
001 ABS58148
008 090401t1998 xxu||||| |||| 00| 0 eng d
035 _a(Sirsi) u83370
041 _aeng
245 _aFocus: Cambridgeshire
260 _c1998
350 _a0
490 _aEstates Gazette
_v(9804) 24 January 1998, 103-133(12)
520 _aAn overview of the commercial property market in Cambridge, Peterborough, Hampton, Huntingdon and Alconbury.
650 _aALCONBURY
650 _aCAMBRIDGE
650 _aCAMBRIDGESHIRE
650 _aHAMPTON
650 _aHUNTINGDON
650 _aINDUSTRIAL MARKET
650 _aPROPERTY-COMMERCIAL PROPERTY-OFFICE PROPERTY-OFFICE PROPERTY MARKET
650 _aPETERBOROUGH
650 _aPROPERTY-COMMERCIAL PROPERTY-RETAIL PROPERTY-RETAIL PROPERTY MARKET
690 _aPROPERTY-COMMERCIAL PROPERTY-COMMERCIAL PROPERTY MARKET
942 _n0
948 _c28/01/1998
999 _c52654
_d52654